000 00560nam a2200181Ia 4500
008 140429s9999 xx 000 0 und d
020 _a9780240808550
050 _aTR 267
_b.H615 2008
100 _aHirsch, Robert
245 _aLight and lens :
_bphotography in the digital age /
_cRobert Hirsch.
260 _aBoston :
_bFocal Press,
_cc2008.
300 _a397 p. :
_bcol. ill. ;
_c19 cm.
500 _aIncludes bibliographical references and index.
521 _aMA
650 _aPhotography
_xDigital techniques.
942 _kFOR
_cBK
999 _c115738
_d115738